[Event "AUTO-OPEN-907"]
[Site "http://www.queenalice.com/game.php?id=306800"]
[Date "2007.11.19"]
[Round "1"]
[White "erbe"]
[Black "jbrcron"]
[Result "1-0"]
[WhiteElo "1541"]
[BlackElo "1413"]

1. e4 e5 2. Nf3 Nc6 3. Bb5 Nge7 4. d4 exd4 5. Nxd4 Nxd4 6. Qxd4 Nc6 7. Bxc6 dxc6
8. Qxd8+ Kxd8 9. O-O Bd6 10. Nc3 Be6 11. Be3 Ke7 12. Rad1 Rad8 13. Bxa7 b6 14.
b3 Ra8 15. Bxb6 1-0

[Event "Let's Play Chess!"]
[Site "http://www.queenalice.com/game.php?id=309676"]
[Date "2007.11.25"]
[Round "-"]
[White "elche"]
[Black "erbe"]
[Result "0-1"]
[WhiteElo "1729"]
[BlackElo "1591"]

1. e4 c5 2. Nc3 Nc6 3. g3 g6 4. Bg2 Bg7 5. d3 e6 6. f4 Nge7 7. Nf3 d5 8. exd5
exd5 9. Ne5 O-O 10. Nxc6 bxc6 11. O-O Rb8 12. Rb1 Bxc3 13. Bd2 Bxb2 14. c3 Bf5
15. Qc2 Qb6 16. Bc1 c4+ 17. Kh1 Bxd3 18. Qxb2 Bxb1 19. Qxb6 Rxb6 20. Be3 Ra6 21.
Rxb1 Rxa2 22. Bc5 Re8 23. Bh3 Nf5 24. g4 Nh4 25. f5 Ree2 26. Rb8+ Kg7 27. Bd4+
Kh6 28. g5+ Kh5 29. Bg1 Nf3 30. Rb1 Rxh2+ 31. Bxh2 Rxh2# 0-1

[Event "Let's Play Chess!"]
[Site "http://www.queenalice.com/game.php?id=309834"]
[Date "2007.11.25"]
[Round "-"]
[White "erbe"]
[Black "colognestar"]
[Result "0-1"]
[WhiteElo "1613"]
[BlackElo "2040"]

1. e4 e5 2. Nf3 Nc6 3. Bc4 Nf6 4. d4 exd4 5. Nxd4 Bc5 6. Nxc6 bxc6 7. Qf3 d5 8.
exd5 cxd5 9. Bb5+ Bd7 10. Qe2+ Be7 11. Bg5 O-O 12. O-O Bxb5 13. Qxb5 Rb8 14. Qa5
Rxb2 15. Qxa7 Rxc2 16. a4 Bc5 17. Qa5 Qd6 18. Nd2 Ng4 19. g3 Bb6 20. Qb5 Qg6 21.
Bf4 h5 22. h4 Nxf2 23. Rxf2 Rxd2 24. Bxd2 Qxg3+ 25. Kh1 Bxf2 26. Qf1 Qxh4+ 27.
Kg2 Qg3+ 28. Kh1 Re8 29. Bb4 Re4 30. Ba5 Rh4+ 0-1

[Event "Challenge"]
[Site "http://www.queenalice.com/game.php?id=310554"]
[Date "2007.11.26"]
[Round "-"]
[White "eduardofelix"]
[Black "erbe"]
[Result "0-1"]
[WhiteElo "1704"]
[BlackElo "1570"]

1. d4 Nf6 2. e3 d5 3. h3 Nc6 4. a3 e5 5. Bb5 Bd7 6. c3 a6 7. Ba4 Be7 8. Nf3 O-O
9. Bxc6 Bxc6 10. Nxe5 Bd6 11. Nxc6 bxc6 12. O-O c5 13. dxc5 Bxc5 14. Qf3 Bd6 15.
Nd2 Qd7 16. c4 dxc4 17. Nxc4 Qb5 18. Nxd6 cxd6 19. e4 Rac8 20. Qg3 Qh5 21. Qxd6
Ra8 22. f3 Rfd8 23. Qc5 Qxc5+ 24. Kh1 Nh5 25. Re1 Rab8 26. Be3 Qe5 27. b4 Rdc8
28. Ba7 Rb7 29. Bc5 Rd7 30. Rac1 Rd2 31. Be3 Rxc1 32. Rxc1 Rd8 33. Bb6 Re8 34.
Rd1 g6 35. Bd4 Qe6 36. e5 Nf4 37. Ra1 h5 38. Kh2 Ne2 39. Bb2 h4 40. Re1 Nf4 41.
Re3 Rd8 42. Bc1 Qa2 0-1

[Event "Let's Play Chess!"]
[Site "http://www.queenalice.com/game.php?id=311071"]
[Date "2007.11.27"]
[Round "-"]
[White "erbe"]
[Black "Gloria"]
[Result "0-1"]
[WhiteElo "1553"]
[BlackElo "1883"]

1. e4 c5 2. Nf3 d6 3. d4 cxd4 4. Nxd4 Nf6 5. Nc3 a6 6. Be2 e5 7. Nf3 Be7 8. O-O
O-O 9. Be3 Nc6 10. a3 Ng4 11. Na4 Nxe3 12. fxe3 b5 13. Nc3 Be6 14. Nd5 Bg5 15.
h3 Bxd5 16. exd5 Bxe3+ 17. Kh1 Ne7 18. Qd3 Qb6 19. Ne1 f5 20. b4 e4 21. Qc3 Nxd5
22. Qb3 Qc6 23. Rd1 f4 24. Bg4 Rae8 25. Rxd5 Kh8 26. Bh5 g6 27. Bg4 Re5 28. Rxe5
dxe5 29. c3 Bd2 30. Qe6 Qxe6 31. Bxe6 Bxc3 32. Nc2 Rd8 33. Bb3 e3 34. Rf3 Rd1+
35. Kh2 Rb1 36. Bd5 Rc1 37. Nxe3 fxe3 38. Rxe3 Bd4 39. Rf3 Rc3 40. Rf8+ Kg7 41.
Rf7+ Kh6 42. Ra7 Bxa7 0-1

[Event "Let's Play Chess!"]
[Site "http://www.queenalice.com/game.php?id=311072"]
[Date "2007.11.27"]
[Round "-"]
[White "Gloria"]
[Black "erbe"]
[Result "1-0"]
[WhiteElo "1758"]
[BlackElo "1581"]

1. e4 c5 2. Nc3 Nc6 3. f4 e6 4. Nf3 d5 5. exd5 exd5 6. Bb5 Nf6 7. O-O Bd7 8.
Re1+ Be7 9. Qe2 Nb4 10. Bxd7+ Qxd7 11. Ne5 Qc7 12. Nb5 Qc8 13. Nc6 bxc6 14.
Qxe7# 1-0

[Event "Let's Play Chess!"]
[Site "http://www.queenalice.com/game.php?id=312168"]
[Date "2007.11.29"]
[Round "-"]
[White "odairsmj"]
[Black "erbe"]
[Result "1/2-1/2"]
[WhiteElo "1868"]
[BlackElo "1548"]

1. e4 c5 2. Nf3 Nc6 3. d4 cxd4 4. Nxd4 e5 5. Nxc6 bxc6 6. Bc4 Nf6 7. Nc3 Bb4 8.
O-O O-O 9. Qf3 Qe7 10. Bg5 h6 11. Bxf6 Qxf6 12. Qxf6 gxf6 13. Ne2 Rd8 14. Rad1
d6 15. Ng3 Bg4 16. f3 Be6 17. Bxe6 fxe6 18. f4 Rf8 19. Kh1 d5 20. c3 Bc5 21. f5
exf5 22. exd5 cxd5 23. Rxd5 Bb6 24. Rxf5 Kg7 25. h4 Rad8 26. Rxd8 Bxd8 27. c4
Be7 28. h5 Rd8 29. Rf3 Bd6 30. Rd3 Bc7 31. Rxd8 Bxd8 32. b4 Kf7 33. Nf5 e4 34.
Nd6+ Ke6 35. Nxe4 Be7 36. c5 Kd7 37. b5 Kc7 38. a4 f5 39. Ng3 f4 40. Nf5 Bxc5
41. Nxh6 Kb6 42. Nf7 Ka5 43. h6 Kxa4 44. h7 Bd4 45. h8=Q Bxh8 46. Nxh8 Kxb5 47.
Ng6 a5 48. Nxf4 a4 49. Nd3 a3 50. Nc1 Kb4 51. g4 Kc3 52. g5 Kc2 53. Na2 Kb3 54.
Nc1+ Kc2 55. Na2 Kb2 56. g6 Kxa2 57. g7 Kb2 58. g8=Q a2 59. Qg2+ Kb1 60. Qf1+
Kb2 61. Qe2+ Kb1 62. Qd1+ Kb2 63. Qd2+ Kb1 64. Qd1+ Kb2 65. Qd2+ Kb1 66. Qd1+
1/2-1/2

[Event "Challenge"]
[Site "http://www.queenalice.com/game.php?id=312203"]
[Date "2007.11.29"]
[Round "-"]
[White "charlao"]
[Black "erbe"]
[Result "0-1"]
[WhiteElo "1513"]
[BlackElo "1598"]

1. e4 c5 2. d4 cxd4 3. Qxd4 Nc6 4. Qc3 Nf6 5. Bd3 e5 6. Nf3 Bb4 7. Qxb4 Nxb4 8.
Nxe5 Qa5 9. O-O Qxe5 10. Nc3 O-O 11. g3 d5 12. exd5 Nfxd5 13. Nxd5 Qxd5 14. Re1
Bh3 15. Bf1 Nxc2 16. Be3 Nxe1 17. Rxe1 Qa5 18. Rd1 Bg4 19. Rd4 Be6 20. Bd2 Qxa2
21. Bg2 Qb1+ 22. Bf1 Bh3 23. Re4 Qxf1# 0-1

[Event "Let's Play Chess!"]
[Site "http://www.queenalice.com/game.php?id=312744"]
[Date "2007.11.30"]
[Round "-"]
[White "erbe"]
[Black "tche_elvio"]
[Result "1-0"]
[WhiteElo "1576"]
[BlackElo "1459"]

1. e4 e5 2. Nf3 Nf6 3. Nxe5 Qe7 4. d4 Nxe4 5. Bd3 Nf6 6. O-O d6 7. Nf3 Bg4 8. h3
Bxf3 9. Qxf3 Nc6 10. Bd2 O-O-O 11. Be3 d5 12. Re1 Qb4 13. Nd2 Nxd4 14. Bxd4 Qxd4
15. c3 Qc5 16. Nb3 Qd6 17. Qe3 d4 18. Nxd4 Nd5 19. Qg5 h6 20. Qg4+ Kb8 21. Nf5
Qf4 22. Qxf4 Nxf4 23. Bc4 Ne6 24. Bxe6 fxe6 25. Rxe6 Bd6 26. Nxg7 a6 27. Nf5 h5
28. Rd1 Rhf8 29. Nxd6 Rxd6 30. Rexd6 cxd6 31. Rxd6 Ka7 32. Rh6 Rf5 33. Rd6 h4
34. Rd2 a5 35. b4 axb4 36. cxb4 Rf4 37. a3 Rc4 38. Kh2 Rc3 39. Ra2 b5 40. a4 Ka6
41. axb5+ Kxb5 42. Rb2 Rd3 43. g3 hxg3+ 44. fxg3 Rd4 45. h4 Rxb4 46. Rxb4+ Kxb4
47. h5 1-0

[Event "Let's Play Chess!"]
[Site "http://www.queenalice.com/game.php?id=312745"]
[Date "2007.11.30"]
[Round "-"]
[White "tche_elvio"]
[Black "erbe"]
[Result "1/2-1/2"]
[WhiteElo "1455"]
[BlackElo "1586"]

1. d4 Nf6 2. e3 Nc6 3. Be2 e5 4. a3 d5 5. h3 Be7 6. dxe5 Nxe5 7. Nc3 O-O 8. Bd2
Qd6 9. Nf3 Nxf3+ 10. Bxf3 Be6 11. O-O Qb6 12. Na4 Qb5 13. b3 Bd6 14. Be2 Qd7 15.
c4 dxc4 16. Bxc4 Bxh3 17. Qf3 Bg4 18. Qxb7 Be5 19. Bc3 Bxc3 20. Nxc3 a5 21. Qb5
Qxb5 22. Bxb5 Rfd8 23. Be2 Bxe2 24. Nxe2 h6 25. Rfd1 Nd7 26. Nc3 Nc5 27. Rxd8+
Rxd8 28. b4 axb4 29. axb4 Nd3 30. Rd1 Kf8 31. Nb5 Ke7 32. Nxc7 Nxb4 33. Rxd8
Kxd8 34. Nb5 Ke7 35. f4 Nd5 36. Kf2 Kf6 37. g4 g5 38. Kf3 Kg6 39. Nd4 f6 40. f5+
Kf7 41. Ne6 Nc3 42. Nd8+ Kg7 43. e4 Nb5 44. Nc6 Nd6 45. e5 fxe5 46. Nxe5 Ne8 47.
Nd7 Kf7 48. Ke4 Nf6+ 49. Nxf6 Kxf6 50. Kd4 1/2-1/2

[Event "Let's Play Chess!"]
[Site "http://www.queenalice.com/game.php?id=313927"]
[Date "2007.12.2"]
[Round "-"]
[White "inguitar"]
[Black "erbe"]
[Result "1-0"]
[WhiteElo "1576"]
[BlackElo "1586"]

1. e4 c5 2. Nf3 Nc6 3. Bc4 e6 4. Nc3 Nf6 5. O-O d5 6. exd5 exd5 7. Bb5 Bd7 8. d4
cxd4 9. Ne2 a6 10. Bd3 Bg4 11. Ne1 Bd6 12. f3 Be6 13. Nf4 O-O 14. Bd2 Qb6 15. b3
Qc7 16. Nxe6 fxe6 17. f4 e5 18. fxe5 Bxe5 19. Nf3 Bd6 20. Qe1 Rae8 21. Qh4 h6
22. Rae1 Rxe1 23. Rxe1 Qd7 24. Nxd4 Be7 25. Nf5 Bc5+ 26. Kh1 b5 27. Qg3 Kh8 28.
Nh4 Kg8 29. Bxh6 Rf7 30. Bf5 Qc7 31. Bf4 Qa7 32. Be6 Bf2 33. Bxf7+ Kxf7 34. Qg6+
Kg8 35. Re6 Bxh4 36. Rxc6 Kh8 37. Rc8+ Ng8 38. Qh5# 1-0

[Event "Let's Play Chess!"]
[Site "http://www.queenalice.com/game.php?id=313928"]
[Date "2007.12.2"]
[Round "-"]
[White "erbe"]
[Black "inguitar"]
[Result "0-1"]
[WhiteElo "1604"]
[BlackElo "1545"]

1. e4 e5 2. Nf3 Nc6 3. Bb5 d6 4. d4 Bd7 5. Nc3 Nf6 6. Bg5 h6 7. Bxf6 Qxf6 8. Nd5
Qd8 9. Qd2 Nxd4 10. Bxd7+ Qxd7 11. Nxd4 exd4 12. Qxd4 c6 13. Nc3 c5 14. Qe3 Be7
15. O-O O-O 16. h3 Rfe8 17. Rfe1 Bf6 18. Qf3 Bxc3 19. Qxc3 Re5 20. b3 Rae8 21.
Kh1 Rxe4 22. Rxe4 Rxe4 23. f3 Re2 24. Qd3 Qe7 25. a4 Re3 26. Qf5 g6 27. Qg4 h5
28. Qg3 Qe5 29. Qf2 Qxa1+ 30. Kh2 Qe1 0-1

[Event "AUTO-INT-704"]
[Site "http://www.queenalice.com/game.php?id=314032"]
[Date "2007.12.2"]
[Round "1"]
[White "Dalri_Ultreya"]
[Black "erbe"]
[Result "1-0"]
[WhiteElo "1612"]
[BlackElo "1555"]

1. d4 Nf6 2. Nc3 d5 3. Nf3 g6 4. Bf4 Nc6 5. Nb5 e6 6. Nxc7+ Ke7 7. Nxa8 Ne8 8.
e3 Bd7 9. Ne5 Qxa8 10. Qg4 Bg7 11. Nxd7 Kxd7 12. Bb5 Nf6 13. Qh3 a6 14. Bxc6+
bxc6 15. Be5 Qb7 16. Rb1 h5 17. Qh4 Ke7 18. O-O Rg8 19. c3 Qc8 20. b4 Qb7 21. a4
Qc8 22. Qg3 Ne4 23. Qh4+ Kd7 24. Qf4 Nxc3 25. Rb2 Nxa4 26. Qxf7+ 1-0

[Event "AUTO-INT-704"]
[Site "http://www.queenalice.com/game.php?id=314033"]
[Date "2007.12.2"]
[Round "1"]
[White "erbe"]
[Black "Dalri_Ultreya"]
[Result "0-1"]
[WhiteElo "1565"]
[BlackElo "1667"]

1. e4 e5 2. Nf3 Nc6 3. Bb5 Nf6 4. b3 Nxe4 5. O-O Bc5 6. d3 Nd6 7. Bxc6 dxc6 8.
Nxe5 O-O 9. Bb2 Qg5 10. Nd2 Bh3 11. Qf3 Be6 12. Ne4 Nxe4 13. dxe4 f6 14. Nd3 Bg4
15. Qg3 Bd6 16. Qe3 Qg6 17. f3 Bh3 18. Rf2 b6 19. Nf4 Qg5 20. Bc1 Bc5 21. Nxh3
Qxe3 22. Bxe3 Bxe3 23. Rd1 Bxf2+ 24. Nxf2 c5 25. h3 a5 26. Ng4 a4 27. Kh2 axb3
28. axb3 Ra2 29. Rd2 b5 30. Nf2 h6 31. Nd3 Rd8 32. Re2 c4 33. bxc4 bxc4 34. Nb4
Rb2 35. Nd5 c6 36. Ne7+ Kh7 37. Nxc6 Rd1 38. e5 fxe5 39. Nxe5 c3 40. Nc4 Rb4 41.
Ne3 Rd2 42. Re1 Rb2 43. Nc4 Rbxc2 44. Nxd2 Rxd2 45. Re3 c2 46. Rc3 Kg6 47. h4 h5
48. Kh3 Kf5 49. Kg3 g6 50. Rc5+ Ke6 51. f4 Kd6 52. Rc8 Kd5 53. Kf3 Kd4 54. g3
Rd3+ 55. Kg2 Rd2+ 56. Kh3 Ke3 57. Re8+ Kf3 58. Rc8 Re2 59. Rc3+ Kf2 60. g4 Re3+
0-1

[Event "AUTO-INT-704"]
[Site "http://www.queenalice.com/game.php?id=314052"]
[Date "2007.12.2"]
[Round "1"]
[White "erbe"]
[Black "sidclay"]
[Result "0-1"]
[WhiteElo "1572"]
[BlackElo "1547"]

1. e4 e5 2. Nf3 Nf6 3. Nxe5 d6 4. Nxf7 Kxf7 5. d4 Nxe4 6. Qh5+ g6 7. Qd5+ Be6 8.
Qxe4 Bg7 9. Be2 Bf5 10. Qd5+ Be6 11. Qf3+ Qf6 12. O-O c6 13. Bg5 Qxf3 14. Bxf3
Bxd4 15. c3 Bf6 16. Bf4 d5 17. Nd2 Nd7 18. Rfe1 Rhe8 19. h3 Nc5 20. Be2 Bf5 21.
Bf3 Rxe1+ 22. Rxe1 Nd3 23. Rd1 Nxf4 24. Nb3 Re8 25. Nc5 b6 26. Nb3 Be4 27. Bxe4
Rxe4 28. Nd2 Re2 29. a3 Nd3 30. b4 Bxc3 31. Nb1 Be5 32. f3 Re1+ 33. Rxe1 Nxe1
34. a4 Nc2 35. g4 d4 36. b5 c5 37. Kf2 d3 38. Nd2 Bf4 39. Nb1 Be3+ 40. Kg3 d2
41. Nc3 Bd4 42. Nd1 Ne3 0-1

[Event "AUTO-INT-704"]
[Site "http://www.queenalice.com/game.php?id=314053"]
[Date "2007.12.2"]
[Round "1"]
[White "sidclay"]
[Black "erbe"]
[Result "1-0"]
[WhiteElo "1452"]
[BlackElo "1583"]

1. e4 c5 2. Nf3 Nc6 3. d4 cxd4 4. Nxd4 e5 5. Nb5 a6 6. Nd6+ Bxd6 7. Qxd6 h6 8.
Nc3 Qf6 9. Qa3 Nge7 10. Be3 Nd4 11. O-O-O d6 12. Bxd4 exd4 13. Ne2 O-O 14. Nxd4
Bd7 15. Nf3 Rac8 16. Rxd6 Be6 17. e5 Qf4+ 18. Kb1 Qe4 19. Bd3 Qf4 20. Rxe6 fxe6
21. Qxe7 Qf7 22. Qxf7+ Rxf7 23. b3 Rd7 24. Bc4 Kf7 25. a4 a5 26. c3 b6 27. Nd4
Re7 28. f4 Rc6 29. Nxc6 Re8 30. Rd1 g6 31. Rd7+ Kf8 32. Rd6 1-0

[Event "Challenge"]
[Site "http://www.queenalice.com/game.php?id=318733"]
[Date "2007.12.12"]
[Round "-"]
[White "eduardofelix"]
[Black "erbe"]
[Result "1-0"]
[WhiteElo "1705"]
[BlackElo "1562"]

1. d4 Nf6 2. e3 d5 3. Bd3 Nc6 4. Ne2 e5 5. c3 Bd6 6. h3 O-O 7. O-O e4 8. Bb5 Bd7
9. Ba4 a6 10. Bb3 b5 11. a3 Na5 12. Bc2 Nc4 13. b4 c6 14. Nd2 Bb8 15. Ng3 Qc7
16. Nxc4 bxc4 17. Re1 h6 18. a4 g6 19. a5 Qd6 20. Ba3 Qc7 21. b5 Re8 22. bxc6
Qxc6 23. Bb4 h5 24. f4 Qc8 25. Ba4 Bxa4 26. Qxa4 Ba7 27. Reb1 Rb8 28. Bd6 Rxb1+
29. Rxb1 Rd8 30. Be7 Nd7 31. Bxd8 Qxd8 32. f5 g5 33. Nxh5 Bb8 34. Qc6 Bc7 35.
Qh6 1-0

[Event "AUTO-OPEN-907"]
[Site "http://www.queenalice.com/game.php?id=355875"]
[Date "2008.2.17"]
[Round "2"]
[White "erbe"]
[Black "chiknya"]
[Result "1-0"]
[WhiteElo "1567"]
[BlackElo "1342"]

1. e4 d5 2. exd5 e6 3. Bb5+ c6 4. dxc6 Nxc6 5. Nf3 Bd7 6. Nc3 Nf6 7. O-O a6 8.
Ba4 Bb4 9. a3 Bxc3 10. dxc3 O-O 11. Bg5 h6 12. Bh4 b5 13. Bb3 1-0

[Event "AUTO-OPEN-907"]
[Site "http://www.queenalice.com/game.php?id=355876"]
[Date "2008.2.17"]
[Round "2"]
[White "chiknya"]
[Black "erbe"]
[Result "0-1"]
[WhiteElo "1350"]
[BlackElo "1559"]

1. c4 e5 2. d4 exd4 3. e3 dxe3 4. Bxe3 Nf6 5. Bd3 Qe7 6. Nf3 d6 7. Nc3 Be6 8.
Nd4 g6 9. O-O Bg7 10. Nxe6 Qxe6 11. Re1 O-O 12. Bh6 Qd7 0-1

[Event "AUTO-OPEN-907"]
[Site "http://www.queenalice.com/game.php?id=355877"]
[Date "2008.2.17"]
[Round "2"]
[White "erbe"]
[Black "Brandon"]
[Result "0-1"]
[WhiteElo "1550"]
[BlackElo "2404"]

1. e4 c5 2. c3 e6 3. d4 d5 4. Nd2 Nf6 5. e5 Nfd7 6. Ngf3 Nc6 7. Be2 f6 8. exf6
Qxf6 9. Bb5 cxd4 10. Bxc6 bxc6 11. cxd4 Ba6 12. Qa4 Bb5 13. Qb3 Bd6 14. Qe3 O-O
15. Nb3 e5 16. dxe5 Nxe5 17. Nxe5 Rae8 18. Qc3 Qxf2+ 19. Kd1 Qe2# 0-1

[Event "AUTO-OPEN-907"]
[Site "http://www.queenalice.com/game.php?id=355878"]
[Date "2008.2.17"]
[Round "2"]
[White "Brandon"]
[Black "erbe"]
[Result "1-0"]
[WhiteElo "2403"]
[BlackElo "1561"]

1. e4 e5 2. Nf3 Nc6 3. Bb5 a6 4. Bxc6 dxc6 5. O-O Bd6 6. d4 exd4 7. Qxd4 Nf6 8.
e5 Be7 9. Qxd8+ Bxd8 10. exf6 Bxf6 11. Rd1 O-O 12. c3 b5 13. Bf4 Ra7 14. Ne5
Bxe5 15. Bxe5 c5 16. Nd2 Re8 17. Re1 c6 18. Bd6 Bd7 19. Rxe8+ Bxe8 20. Bxc5 Rd7
21. Re1 g6 22. Rxe8+ Kg7 23. Bf8+ Kf6 24. Ne4+ Kf5 25. g4+ Kf4 26. Bd6+ Kf3 27.
h3 f5 28. Nd2# 1-0